Statistics for Top 15 Celebrities Born In 1923&1922

Click here to take the quiz!

General Stats

  • This quiz has been taken 117 times
  • The average score is 6 of 15

Answer Stats

Answer% Correct
Stan Lee
86%
Judy Garland
77%
Christopher Lee
75%
Betty White
63%
Doris Day
54%
Bea Arthur
38%
Estelle Getty
25%
Maria Callas
25%
Carl Reiner
23%
Bob Barker
21%
Ava Gardner
20%
Rose Marie
17%
Redd Foxx
13%
Roy Lichtenstein
11%
Glynis Johns
7%

Score Distribution

Percentile by Number Answered

Percent of People with Each Score

Your Score History

You have not taken this quiz